Nasıl (Record no. 5291)

MARC details
000 -BAŞLIK
Sabit Uzunlukta Kontrol Alanı 00832na a2200277 4500
001 - KONTROL NUMARASI
Denetim Alanı 22438
003 - KONTROL NUMARASI IDENTIFIER
Denetim Alanı MIRAKIL
005 - SON İŞLEM TARİHİ VE ZAMANI
Denetim Alanı 20181213155032.0
008 - SABİT-BOY VERİ ELEMANLARI - GENEL BİLGİLER
Sabit Uzunlukta Kontrol Alanı 170214b tu 000 0
035 ## - SİSTEM KONTROL NUMARASI
Sistem Kontrol Numarası 20346
040 ## - KATALOGLAMA KAYNAK
Orijinal Kataloglama Ajansı Milas
Kataloglama Dili tur
Metne Dönüştürmek Ajansı TR-AnCHP
041 ## - DİL KODU
Metin / Ses Parça Veya Ayrı Başlığın Dil Kodu tur
082 ## - DEWEY ONLU SINIFLANDIRMA NUMARASI
Sınıflandırma Numarası CHP 324.2172
Ürün Numarası N27 [t.y.]
090 ## - SINIFLAMA NUMARASI
Sınıflama Numarası CHP 324.2172 N27 [t.y.]
245 ## - BAŞLIK TABLOSU
Başlık Nasıl
Başlığın Kalan Dosya Türk siyasi tarihinde CHP
246 ## - UNVAN FORM VARYING
Başlık Doğru / Kısa Başlığı Dosya Türk siyasi tarihinde CHP
246 ## - UNVAN FORM VARYING
Başlık Doğru / Kısa Başlığı Nasıl dergisi
260 ## - YAYIN, DAĞITIM, VB
Yayın, Dağıtım, Vb Yeri [y.y.]
Yayıncı, Dağıtıcı, Vs Adı [Nasıl dergisi]
Yayın, Dağıtım, Vb Tarihi [t.y.]
300 ## - FİZİKSEL TANIM
Kapsam yklş. 200 s.
Diğer Fiziksel Ayrıntıları res.
Boyutlar 24 sm.
500 ## - GENEL NOT
Genel Not Nasıl dergisinin CHP ile ilgili özel saysıdır.
610 ## - KONU KATMA GİRİŞ - TOPLANTI ADI
Giriş Elemanı Olarak Kurumsal Ad Veya Yargı Alanı Adı Cumhuriyet Halk Partisi (CHP)
Genel Alt Bölüm Tarih
650 ## - KONU KATMA GİRİŞ - TOPİKAL DÖNEM
Topikal Süreli Veya Coğrafi Ad Giriş Elemanı Siyasal partiler
Genel Alt Bölümü Tarih
Coğrafi Alt Bölümü Türkiye
651 ## - KONU KATMA GİRİŞ - COĞRAFİ ADI
Coğrafi İsim Türkiye
Genel Alt Bölümü Siyasal tarih
Kronolojik Alt Bölümü 1923-
942 ## - EKLENDİ GİRİŞ ELEMANLARI (KOHA)
Sınıflandırma Veya Raf Düzeni Kaynak Dewey Decimal Classification
Koha Öğesi Türü Books
999 ## - SİSTEM KONTROL NUMARALARI (KOHA)
Koha Biblionumber 5291
Koha Biblioitemnumber 5291
657 ## - INDEX SÜRE - İŞLEVİ
-- CHP tarihi
Holdings
Kullanım Kısıtlamaları Kalıcı Konum Mevcut Konum Edinme Tarihi Edinim Kaynak Kodlu Konum Eleme Toplam Check-Out'Lar Tam Çağrı Numarası Barkod Tarih Son Görülme İtibaren Geçerli Fiyatlar Koha Öğesi Türü
Kütüphane dışına çıkarılamaz CHP Kütüphanesi CHP Kütüphanesi 02/14/2017 Bağış CHP   CHP 324.2172 N27 [t.y.] 016502 02/14/2017 02/14/2017 Books